[Event "34th Chess Olympiad (women)"]
[Site "Istanbul"]
[Date "2000.10.30"]
[Round "3.40.3"]
[White "Rolles, May"]
[Black "Nakedi, Gloria"]
[WhiteElo "2000"]
[BlackElo "2000"]
[WhiteCountry "SIN"]
[BlackCountry "BOT"]
[Result "1/2-1/2"]

1. d4 d5 2. c4 e6 3. g3 Nf6 4. Bg2 Nc6 5. Nc3 Bb4 6. cxd5 Nxd5 7. Bxd5 Qxd5 
8. Nf3 Bxc3+ 9. bxc3 O-O 10. Bf4 Qc4 11. Qb3 Na5 12. Qxc4 Nxc4 13. Bxc7 b6 
14. O-O Bb7 15. Rfd1 Be4 16. Bf4 Rfc8 17. Rac1 Bd5 18. a4 Nb2 19. Rd2 Nxa4 
20. Rd3 Nb2 21. Rd2 Nc4 22. Rdd1 b5 23. Ne5 f5 24. Re1 a5 25. f3 Nxe5 
26. Bxe5 g6 27. e4 fxe4 28. fxe4 Bb3 29. Re2 b4 30. Rb2 a4 31. d5 bxc3 
32. Rxc3 exd5 33. exd5 Bxd5 34. Rxc8+ Rxc8 35. Rb8 Rxb8 36. Bxb8 a3 37. Be5 Kf7 
38. Kf2 Ke6 39. Bd4 Kf5 40. Ke3 Kg4 41. Kf2 h6 42. Bc3 h5 43. Bd4 Kf5 
44. Ke3 g5 45. Bc3 a2 46. Bd4 Kg4 47. Kf2 Kh3 48. Kg1 h4 49. gxh4 Kxh4 
50. Bc3 Kg4 51. Kf2 Kf4 52. Ke2 Ke4 53. Bb2 g4 54. Bg7 Kf5 55. Bb2 Kg6 
56. Kf2 Kh5 57. Kg3 Bf3 58. h3 Bd1 59. hxg4+ Bxg4 60. Kf2 Be6 61. Ke3 Kg4 
62. Kd3 Kf3 63. Kc2 Ke2 
1/2-1/2

[Event "34th Chess Olympiad (women)"]
[Site "Istanbul"]
[Date "2000.10.30"]
[Round "3.41.1"]
[White "Phiri, Catherine"]
[Black "Babic, Gail"]
[WhiteElo "2000"]
[BlackElo "2000"]
[WhiteCountry "ZAM"]
[BlackCountry "ISV"]
[Result "1-0"]

1. e4 e5 2. Nf3 Nc6 3. d4 d6 4. Bc4 Bg4 5. Bf7+ Kf7 6. Ng5+ Ke8 7. Qg4 Nd4 
8. Qd1 Be7 9. Nf3 Bf6 10. Be3 c5 11. c3 Nf3+ 12. Qf3 Ne7 13. O-O Ng6 
14. Qh5 Kf7 15. Rd1 h6 16. Bc5 Be7 17. Qf5+ Bf6 18. Rd6 Qe7 19. Rd8 Rad8 
20. Be7 Ne7 21. Na3 Rhe8 22. Rd1 Kg8 23. Qe6+ Kh7 24. Rd8 Rg8 
1-0

[Event "34th Chess Olympiad (women)"]
[Site "Istanbul"]
[Date "2000.10.30"]
[Round "3.41.2"]
[White "Mody, Ila"]
[Black "Mtine, Joy"]
[WhiteElo "2000"]
[BlackElo "2000"]
[WhiteCountry "ISV"]
[BlackCountry "ZAM"]
[Result "0-1"]

1. d4 d5 2. c4 e6 3. Nc3 dc4 4. e4 Nc6 5. Nf3 Be7 6. Bc4 a6 7. a3 Nf6 8. e5 Nd5 
9. Bd2 O-O 10. O-O Nb6 11. Bd3 Nd4 12. Be3 Nf3+ 13. gf3 f6 14. Qc2 f5 
15. Rad1 Qe8 16. Kh1 Qh5 17. Be2 f4 18. Bd4 c5 19. Bc5 Bc5 20. Ne4 Be7 
21. Nd6 Nd7 22. Nc8 Rac8 23. Qe4 Ne5 24. Rd2 Rf6 25. Rg1 Rc4 26. Qb7 Rh6 
27. Rg2 Rc1+ 28. Rd1 Rd1+ 29. Bd1 Kf7 30. b4 Rg6 31. Rg6 Qg6 32. Qa6 Qb1 
33. Qe2 Qa1 34. Kg2 h5 35. Bb3 Qc3 36. Bd1 Kf6 37. Ba4 Qa3 38. Be8 g6 
39. Qe4 Qb4 40. Qe2 Bc5 41. Qd1 Qd4 42. Qf1 Nd3 43. Kh3 Qf2 44. Qd3 Qg1 
45. Qd7 Qf1+ 46. Kh4 Bf2# 
0-1

[Event "34th Chess Olympiad (women)"]
[Site "Istanbul"]
[Date "2000.10.30"]
[Round "3.41.3"]
[White "Banda, Mercy"]
[Black "Murphy, Margaret"]
[WhiteElo "2000"]
[BlackElo "2000"]
[WhiteCountry "ZAM"]
[BlackCountry "ISV"]
[Result "1-0"]

1. c4 c5 2. Nc3 e6 3. Nf3 g6 4. b3 Bg7 5. Bb2 Nf6 6. g3 O-O 7. Bg2 d5 
8. cd5 ed5 9. O-O Nc6 10. d3 d4 11. Nb1 Re8 12. Nbd2 Bg4 13. h3 Bf5 14. Rc1 Qd7 
15. g4 Be6 16. Rc5 b6 17. Rc1 h5 18. g5 Nd5 19. Nh2 Nf4 20. Bc6 Nh3+ 
21. Kh1 Bd5+ 22. Bd5 Qd5+ 23. f3 Rac8 24. Ne4 Be5 25. Qe1 Red8 26. Qh4 Nf4 
27. Rfe1 Kg7 28. Nf1 f6 29. gf6+ Bf6 30. Nf6 Qd6 31. Ne4 Qe5 32. Ned2 Rh8 
33. Nc4 Qf5 34. Bd4+ Kh6 35. Bh8 Bf7 36. Qh4 Ne5 37. Bxe4 Re8 38. Nh5 Nf3+ 
39. Bxf3 Rxe1+ 40. Kf2 Bxh5 41. Qxh5 Qe5 42. Qxe5 Rxe5 43. h4 Rf7 44. Rd3 Re4 
45. Kg2 Rc4 46. Kh3 d4 47. Bg4 Re7 48. h5 Kg7 49. Kh4 Re3 50. Rd2 d3 
51. Kh3 Rc2 52. Rd1 d2 53. Kg2 Rcc3 
1-0

[Event "34th Chess Olympiad (women)"]
[Site "Istanbul"]
[Date "2000.10.30"]
[Round "3.42.1"]
[White "Mak, Sharon"]
[Black "Al-Gurshi, Buthaina"]
[WhiteElo "2000"]
[BlackElo "2000"]
[WhiteCountry "MAC"]
[BlackCountry "YEM"]
[Result "0-1"]

1. d4 d5 2. c4 Nf6 3. e3 e6 4. Nf3 Nc6 5. Nc3 Bb4 6. Bd2 O-O 7. Be2 Re8 
8. O-O a6 9. c5 e5 10. Re1 e4 11. Nh4 b6 12. cb6 cb6 13. a3 Ba5 14. b4 Nb4 
15. ab4 Bb4 16. f3 Bd6 17. fe4 de4 18. Rf1 Nd7 19. Nf5 Bc7 20. Nd5 Nf6 
21. Nc7 Qc7 22. Be1 Nd5 23. Bg3 Qc3 24. Qa4 Rf8 25. Rac1 Qd2 26. Rc2 Qa5 
27. Qc6 Be6 28. Qc7 Nc7 29. Rc7 Bf5 30. Rf5 Qf5 31. h3 Qa5 32. Bc4 b5 
33. Bd5 Qd2 34. Ba8 Qe3+ 35. Kh1 Ra8 36. Bd6 Qd4 37. Bc5 Qe5 38. Rc6 e3 
39. Ba7 Qe8 
0-1

[Event "34th Chess Olympiad (women)"]
[Site "Istanbul"]
[Date "2000.10.30"]
[Round "3.42.2"]
[White "Raweh, Adeela"]
[Black "Choi, Kuan"]
[WhiteElo "2000"]
[BlackElo "2000"]
[WhiteCountry "YEM"]
[BlackCountry "MAC"]
[Result "1-0"]

1. e4 e6 2. Nc3 Nc6 3. Bc4 d5 4. Bb5 Bd7 5. d3 f6 6. Nf3 d4 7. Bc6 Bc6 
8. Ne2 e5 9. O-O Bc5 10. Nh4 Ne7 11. f4 Qd6 12. fe5 fe5 13. Ng3 g6 14. Qf3 Rf8 
15. Qf8+ Kd7 16. Qa8 g5 17. Bg5 Ng6 18. Rf6 Qe7 19. Rg6 Qf7 20. Rc6 Qg7 
21. Nf3 Be7 22. Ne5+ 
1-0

[Event "34th Chess Olympiad (women)"]
[Site "Istanbul"]
[Date "2000.10.30"]
[Round "3.42.3"]
[White "Lee, Wing"]
[Black "Abdulsalam, Nadhmeia"]
[WhiteElo "2000"]
[BlackElo "2000"]
[WhiteCountry "MAC"]
[BlackCountry "YEM"]
[Result "1-0"]

1. e4 e5 2. Nf3 Nc6 3. Bc4 Nf6 4. Ng5 d5 5. ed5 Nd5 6. Nf7 Kf7 7. Qf3+ Qf6 
8. Bd5+ Ke7 9. Qg3 Qg6 10. Bc6 Qc6 11. Nc3 Qe6 12. O-O g6 13. d3 h6 14. f4 Bg7 
15. Bd2 Rf8 16. Rae1 Rf5 17. Ne2 Qb6+ 18. Kh1 Kf7 19. fe5 Kg8 20. Bc3 Be5 
21. Be5 Bd7 22. Nd4 Rf7 23. Rf7 Kf7 24. Rf1+ Ke7 25. Rf6 Rf8 26. Rf8 Kf8 
27. Qf4+ Ke7 28. h3 c5 29. Nf3 g5 30. Qe4 Be6 31. a4 
1-0

[Event "34th Chess Olympiad (women)"]
[Site "Istanbul"]
[Date "2000.10.30"]
[Round "3.43.1"]
[White "Sabirova, S"]
[Black "Zsiltzova-Lisenko, Lubov"]
[WhiteElo "2131"]
[BlackElo "2273"]
[WhiteCountry "KGZ"]
[BlackCountry "IBSA"]
[Result "1-0"]

1. d4 d5 2. Nf3 Nf6 3. Bg5 Bf5 4. e3 e6 5. c4 Be7 6. Nc3 dc4 7. Bc4 O-O 
8. O-O a6 9. Qe2 Bg4 10. Rfd1 Nc6 11. Rac1 Qe8 12. h3 Bh5 13. e4 Ne4 
14. Ne4 Bf3 15. Qf3 Rd8 16. Be7 Qe7 17. Qc3 Qh4 18. Qe3 Kh8 19. Ba6 Ne7 
20. Bb7 Nf5 21. Qg5 Qg5 22. Ng5 Nd4 23. Kh2 Rd7 24. Nf3 c5 25. Bc6 Ra7 
26. Rc5 Nc6 27. Rc6 Ra2 28. Rd2 g6 29. b4 Ra1 30. Rb2 Rb8 31. Rc7 Kg7 
32. Ne5 Rb5 33. Nf7 Kf6 34. Nd6 Rd5 35. Ne4+ Ke5 36. Nc5 Re1 37. Rc6 Kf5 
38. b5 Rdd1 39. h4 h5 40. Kg3 g5 41. Nb7 gh4+ 42. Kf3 e5 43. g4+ hg3 44. Kg3 e4 
1-0

[Event "34th Chess Olympiad (women)"]
[Site "Istanbul"]
[Date "2000.10.30"]
[Round "3.43.2"]
[White "Debowska, Teresa"]
[Black "Korsakova, Tatiana"]
[WhiteElo "2094"]
[BlackElo "2035"]
[WhiteCountry "IBSA"]
[BlackCountry "KGZ"]
[Result "0-1"]

1. e4 c5 2. Nc3 Nc6 3. g3 g6 4. Bg2 Bg7 5. d3 d6 6. Be3 Bd7 7. f4 Rb8 
8. Nf3 Nf6 9. O-O Ng4 10. Bc1 O-O 11. h3 Nf6 12. Be3 b5 13. Rb1 b4 14. Ne2 Qa5 
15. Ra1 Ne8 16. d4 cxd4 17. Nfxd4 Nxd4 18. Nxd4 Nc7 19. a3 a6 20. axb4 Qxb4 
21. Rb1 Nb5 22. c3 Nxc3 23. bxc3 Qxc3 24. Nc2 Ba4 25. Rxb8 Rxb8 26. Rf2 Bxc2 
27. Rxc2 Qxe3+ 28. Kh2 Bc3 29. Qf1 a5 30. Qc4 Bd4 31. Qf1 Bc5 32. h4 Rb3 
0-1

[Event "34th Chess Olympiad (women)"]
[Site "Istanbul"]
[Date "2000.10.30"]
[Round "3.43.3"]
[White "Lim, Greta"]
[Black "Maeckelberg, Mieke"]
[WhiteElo "2000"]
[BlackElo "2000"]
[WhiteCountry "KGZ"]
[BlackCountry "IBSA"]
[Result "1-0"]

1. c4 Nf6 2. Nc3 g6 3. g3 Bg7 4. Bg2 O-O 5. e3 d6 6. Nge2 c5 7. O-O Nc6 
8. d3 e5 9. d4 cxd4 10. exd4 Bf5 11. Bg5 Rc8 12. b3 h6 13. Be3 Ng4 14. Nd5 Nxe3 
15. fxe3 Bg4 16. Bf3 Bxf3 17. Rxf3 f5 18. Qd2 Qe8 19. Rd1 Kh7 20. Nec3 exd4 
21. Nb5 dxe3 22. Rxe3 Qd8 23. Re6 Ne5 24. Kg2 Nxc4 25. bxc4 Rxc4 26. Nxd6 Rd4 
27. Qc2 Rxd1 28. Qxd1 Qa5 29. Nxb7 Qxa2 30.  Qc4 31. Ne7 Qc7 32. Qd5 Rb8 
33. Nc5 Rd8 34. Qc6 Rc8 35. Re6 g5 36. Kf3 Kg6 37.  h5 38.  Kf6 39. Nd5+ Kxe6 
40. Nc3+ g4+ 41. Ke3+ Kd7 42. Nd5+ Bh6+ 43. N3f4+ Bg5 44. Kd4+ h4 
45. Ke5+ hxg3+ 46. hxg3+ Bd8+ 47. Kxf5+ Kd6 48. N5f4+ Ke7 49. Kxg4 Kf7 
50. Kf5 Kg8 51. g4 Be7 52. g6 Bf8 53. Ne6 Ba3 54. Ng4 
1-0